000 00967nam a2200253Ia 4500
003 OSt
005 20220923212601.0
006 a|||||r|||| 00| 0
007 ta
008 220922b |||||||| |||| 00| 0 hin d
024 _a154,201
037 _cTextual
040 _aARTS
_cARTS
_bhin
041 _2hin
_ahin
082 _aP152:3, N4
100 _aभावनानी, कौशल्या
245 0 _aहिन्दी भाषा व्याकरण और साहित्य को पाश्चात्य विद्वानो की देन
246 _aHindī bhāṣhā vyākaraṇ aur sāhitya ko pāshchātya vidvāno kī dena
260 _aदिल्ली
_b पराग प्रकाशन
_c1994
300 _a511पृ.
_ccm.
650 _aहिन्दी साहित्य
_9156264
942 _hP152:3, N4
_cTEXL
_2CC
999 _c309829
_d309829